[Event "Barcelona Sant Marti op-A 15th"]
[Site "Barcelona"]
[Date "2013.07.19"]
[Round "7"]
[White "Vargas Drechsler, Carlos"]
[Black "Jacobsen, Maria Pitz"]
[Result "1-0"]
[WhiteElo "1903"]
[BlackElo "1814"]
[PlyCount "105"]
[EventDate "2013.07.13"]
[EventType "swiss"]
[EventRounds "9"]
[EventCountry "ESP"]
[SourceTitle "CBM 155 Extra"]
[Source "ChessBase"]
[SourceDate "2013.08.26"]
[SourceVersion "1"]
[SourceVersionDate "2013.08.26"]
[SourceQuality "1"]

1. d4 Nf6 2. Nf3 e6 3. c4 Be7 4. g3 b6 5. Bg2 Bb7 6. 0-0 0-0 7. b3 d6 8. Bb2 Nbd7 9. Nbd2 c5 10. e3 Qc7 11. Qc2 h6 12. Rad1 Rfd8 13. Rfe1 Rac8 14. e4 cxd4 15. Nxd4 d5 16. Nb5 Qb8 17. e5 Ng4 18. Qc3 Bc5 19. Re2 d4 20. Nxd4 Bxg2 21. Kxg2 Ndxe5 22. Ne4 Qb7 23. f3 Nf6 24. Nxc5 bxc5 25. Rxe5 cxd4 26. Rxd4 Qc7 27. Rxd8+ Rxd8 28. Re2 Qc5 29. Rd2 Rxd2+ 30. Qxd2 Qe7 31. Qd4 a6 32. c5 Qe8 33. b4 Qb5 34. Kf2 Kh7 35. Qd2 Nd5 36. Qc2+ Kg8 37. a3 Qb7 38. Be5 Qc6 39. Qb2 f6 40. Bd4 Qb5 41. Qe2 Qc6 42. Qe4 Qd7 43. Be3 Qf7 44. c6 Qc7 45. Qc4 Qc8 46. a4 Ne7 47. b5 axb5 48. axb5 Nd5 49. b6 Kf7 50. Qc5 Nxe3 51. Kxe3 Ke8 52. Qd6 e5 53. b7 1-0

[Event "NOR-chT Clubs"]
[Site "Drammen"]
[Date "2010.10.09"]
[Round "2.5"]
[White "Jacobsen, Maria Pitz"]
[Black "Urkedal, Frode Olav Olsen"]
[Result "0-1"]
[WhiteElo "1751"]
[BlackElo "2424"]
[PlyCount "82"]
[EventDate "2010.10.08"]
[EventType "team"]
[EventRounds "6"]
[EventCountry "NOR"]
[SourceTitle "EXT 2015"]
[Source "ChessBase"]
[SourceDate "2014.11.20"]
[SourceVersion "1"]
[SourceVersionDate "2014.11.20"]
[SourceQuality "1"]
[WhiteTeam "Valerenga"]
[BlackTeam "Oslo SK 1911"]
[WhiteTeamCountry "NOR"]
[BlackTeamCountry "NOR"]

1. e4 c5 2. Nf3 d6 3. d4 cxd4 4. Nxd4 Nf6 5. Nc3 a6 6. Be2 e6 7. Be3 Qc7 8. 0-0 b5 9. a3 Bb7 10. f3 Be7 11. Qd2 0-0 12. Rad1 Nbd7 13. Nb3 Rac8 14. Bd4 Rfd8 15. Bd3 Nc5 16. Qf2 Re8 17. Rfe1 e5 18. Be3 Nxd3 19. Rxd3 Bc6 20. Bb6 Qb8 21. Red1 Bd7 22. Na5 Be6 23. Nd5 Bxd5 24. exd5 Rxc2 25. R3d2 Rxd2 26. Rxd2 Bd8 27. Bxd8 Qxd8 28. Nc6 Qd7 29. Qe1 Nxd5 30. Rxd5 Qxc6 31. Qd1 Re6 32. Qd2 g6 33. h3 Kg7 34. Kh2 h5 35. Kg1 Qc4 36. Kh1 a5 37. Rxd6 Rxd6 38. Qxd6 Qc1+ 39. Kh2 Qxb2 40. Qc5 b4 41. axb4 a4 0-1

[Event "Maastricht Limburg op"]
[Site "Maastricht"]
[Date "2008.05.11"]
[Round "5"]
[White "Jacobsen, Maria Pitz"]
[Black "Suhbat, Orgilbold"]
[Result "0-1"]
[WhiteElo "1809"]
[BlackElo "2001"]
[PlyCount "96"]
[EventDate "2008.05.09"]
[EventType "swiss"]
[EventRounds "7"]
[EventCountry "NED"]
[SourceTitle "EXT 2009"]
[Source "ChessBase"]
[SourceDate "2008.11.26"]
[SourceVersion "1"]
[SourceVersionDate "2008.11.26"]
[SourceQuality "1"]

1. d4 e6 2. c4 b6 3. Nc3 Bb7 4. e4 c5 5. d5 e5 6. Be2 d6 7. Nf3 Be7 8. 0-0 Nf6 9. Ne1 Nbd7 10. Nd3 a6 11. a4 0-0 12. f4 exf4 13. Bxf4 Qc7 14. Bf3 Ne8 15. Ne2 Ne5 16. Nxe5 dxe5 17. Be3 Nd6 18. Rc1 f5 19. exf5 Nxf5 20. Bd2 Bd6 21. Be4 Nd4 22. Ng3 Rxf1+ 23. Nxf1 b5 24. b3 Rf8 25. Bc3 Qf7 26. Bxd4 exd4 27. axb5 Qf2+ 28. Kh1 Qh4 29. Bf3 axb5 30. cxb5 Qg5 31. Nd2 Bxd5 32. Bxd5+ Qxd5 33. Qe2 d3 34. Qe4 Qxe4 35. Nxe4 d2 36. Rd1 Bf4 37. g3 Be3 38. b6 Rb8 39. Nxd2 Rxb6 40. Nc4 Rxb3 41. Nxe3 Rxe3 42. Rc1 Re5 43. Kg2 Kf7 44. Kf3 Ke6 45. Rd1 Rd5 46. Rb1 Kd6 47. Ke4 Rd4+ 48. Kf5 Ra4 0-1

[Event "Gibraltar Masters 6th"]
[Site "Gibraltar"]
[Date "2008.01.29"]
[Round "8"]
[White "Jacobsen, Maria Pitz"]
[Black "Foisor, Mihaela Veronica"]
[Result "1/2-1/2"]
[WhiteElo "1799"]
[BlackElo "2043"]
[PlyCount "90"]
[EventDate "2008.01.22"]
[EventType "swiss"]
[EventRounds "10"]
[EventCountry "ENG"]
[SourceTitle "CBM 122 Extra"]
[Source "ChessBase"]
[SourceDate "2008.03.04"]
[SourceVersion "1"]
[SourceVersionDate "2008.03.04"]
[SourceQuality "1"]

1. e4 c5 2. Nf3 a6 3. d4 cxd4 4. Nxd4 Nf6 5. Nc3 e5 6. Nf3 Bb4 7. Bd2 d6 8. Bd3 0-0 9. h3 Nbd7 10. 0-0 Nc5 11. Qe2 b5 12. a3 Bxc3 13. Bxc3 Bb7 14. Nd2 Qb6 15. Qe3 Qc6 16. Bb4 Rfc8 17. f3 a5 18. Bxc5 dxc5 19. a4 Ba6 20. axb5 Bxb5 21. c4 Ba6 22. Rxa5 Rd8 23. Nb3 Qb6 24. Be2 Rab8 25. Ra3 Nh5 26. Rfa1 Nf4 27. Bf1 Bc8 28. Qxc5 Qxc5+ 29. Nxc5 Rxb2 30. Ra8 f6 31. Nd3 Nxd3 32. Bxd3 Rd2 33. Bf1 Kf7 34. R8a2 Be6 35. Rxd2 Rxd2 36. Rc1 Ke7 37. c5 Rd7 38. Bc4 Rc7 39. Bxe6 Kxe6 40. Kf2 Kd7 41. Kg3 Kc6 42. Kg4 g6 43. f4 exf4 44. Kxf4 Re7 45. g4 h6 1/2-1/2

[Event "Gibraltar Amateurs op-A"]
[Site "Gibraltar"]
[Date "2008.01.26"]
[Round "5"]
[White "Jacobsen, Maria Pitz"]
[Black "Salomon, Johan"]
[Result "1-0"]
[WhiteElo "1799"]
[BlackElo "1000"]
[PlyCount "107"]
[EventDate "2008.01.22"]
[EventType "tourn"]
[EventRounds "5"]
[EventCountry "ENG"]
[SourceTitle "EXT 2010"]
[Source "ChessBase"]
[SourceDate "2010.11.25"]
[SourceVersion "1"]
[SourceVersionDate "2010.11.25"]
[SourceQuality "1"]

1. e4 c5 2. Nf3 Nc6 3. d4 cxd4 4. Nxd4 g6 5. c4 Bg7 6. Be3 Nf6 7. Nc3 a6 8. Be2 0-0 9. 0-0 h6 10. Qd2 Kh7 11. f4 d6 12. Rad1 Bg4 13. f5 Bxe2 14. fxg6+ fxg6 15. Ne6 Qd7 16. Nxf8+ Rxf8 17. Qxe2 Qg4 18. Qxg4 Nxg4 19. Rxf8 Bxf8 20. Re1 Nxe3 21. Rxe3 e6 22. Rf3 Kg7 23. b3 Be7 24. Rd3 Nb4 25. Rd2 Bf6 26. Na4 Kf7 27. Rxd6 b6 28. Nxb6 Be7 29. Rd7 Ke8 30. Rxe7+ Kxe7 31. a3 Nc2 32. a4 Nd4 33. b4 Ne2+ 34. Kf2 Nc3 35. Ke3 Kd6 36. Kd3 Na2 37. c5+ Kc6 38. Kc4 g5 39. b5+ axb5+ 40. axb5+ Kc7 41. Na4 Nc1 42. c6 Kd6 43. e5+ Kc7 44. Nc5 Ne2 45. Nxe6+ Kc8 46. b6 Kb8 47. b7 h5 48. Nc5 Nf4 49. Nd7+ Kc7 50. b8Q+ Kxc6 51. Qd6+ Kb7 52. Nc5+ Ka7 53. Qa6+ Kb8 54. Qb7# 1-0

[Event "Arctic Chess Challenge"]
[Site "Tromsoe"]
[Date "2007.08.07"]
[Round "4"]
[White "Jacobsen, Maria Pitz"]
[Black "De Firmian, Nick E"]
[Result "0-1"]
[WhiteElo "1804"]
[BlackElo "2540"]
[PlyCount "80"]
[EventDate "2007.08.04"]
[EventType "swiss"]
[EventRounds "9"]
[EventCountry "NOR"]
[SourceTitle "CBM 119 Extra"]
[Source "ChessBase"]
[SourceDate "2007.09.04"]
[SourceVersion "1"]
[SourceVersionDate "2007.09.04"]
[SourceQuality "1"]

1. e4 c5 2. Nf3 d6 3. d4 cxd4 4. Nxd4 Nf6 5. Nc3 a6 6. Bg5 e6 7. f4 Be7 8. Qf3 Qc7 9. 0-0-0 Nbd7 10. Bd3 h6 11. Bh4 g5 12. fxg5 Ne5 13. Qe2 Nfg4 14. Nf3 hxg5 15. Bg3 Bd7 16. h3 Nxf3 17. Qxf3 Ne5 18. Bxe5 dxe5 19. Rhf1 Rh7 20. Qg3 Rc8 21. Rf3 Rh4 22. Rdf1 Rf4 23. Qf2 Qc5 24. Qe2 b5 25. g3 Rxf3 26. Qxf3 f6 27. h4 b4 28. Nd1 gxh4 29. gxh4 Bb5 30. h5 Bxd3 31. Qxd3 Qc4 32. Kb1 Kf7 33. Nf2 Qxd3 34. Nxd3 Bd6 35. Rh1 f5 36. exf5 exf5 37. Nf2 e4 38. Rh3 Rg8 39. b3 Rg1+ 40. Kb2 Be5+ 0-1

[Event "NOR-ch U20 A"]
[Site "Hamar"]
[Date "2007.07.07"]
[Round "1"]
[White "Jacobsen, Maria Pitz"]
[Black "Skrondal, Inge Sandstad"]
[Result "0-1"]
[WhiteElo "1835"]
[BlackElo "2156"]
[PlyCount "88"]
[EventDate "2007.07.07"]
[EventType "swiss"]
[EventRounds "9"]
[EventCountry "NOR"]
[SourceTitle "EXT 2024"]
[Source "ChessBase"]
[SourceDate "2023.10.10"]
[SourceVersion "1"]
[SourceVersionDate "2023.10.10"]
[SourceQuality "1"]

1. e4 c5 2. Nf3 Nc6 3. d4 cxd4 4. Nxd4 Nf6 5. Nc3 g6 6. Be3 Bg7 7. f3 0-0 8. Qd2 d5 9. exd5 Nxd5 10. Nxd5 Qxd5 11. c3 Nxd4 12. Bxd4 Bxd4 13. Qxd4 Qxd4 14. cxd4 Rd8 15. Rd1 Be6 16. a3 Rac8 17. Rd2 Rc1+ 18. Kf2 Rdc8 19. g3 R8c2 20. Ke3 Re1+ 21. Be2 Rxd2 22. Rxe1 Rxb2 23. Rc1 Bd5 24. Rc3 Rb3 25. Rxb3 Bxb3 26. Ke4 Kf8 27. Kd3 Bd5 28. Kc3 a5 29. f4 Kg7 30. Bc4 e6 31. Bb5 Kf6 32. Bd3 Ke7 33. Kd2 Kd6 34. Bb5 Bc6 35. Bc4 b5 36. Bb3 Bd5 37. Bc2 b4 38. axb4 axb4 39. Kd3 Ba2 40. Ba4 Kd5 41. Bd1 Bb1+ 42. Ke3 Kc4 43. Be2+ Kc3 44. Bb5 b3 0-1

[Event "NOR-ch qual-A"]
[Site "Oslo"]
[Date "2007.04.04"]
[Round "6"]
[White "Bue, Gunnar"]
[Black "Jacobsen, Maria Pitz"]
[Result "0-1"]
[WhiteElo "1535"]
[BlackElo "1661"]
[PlyCount "74"]
[EventDate "2007.04.01"]
[EventType "swiss"]
[EventRounds "7"]
[EventCountry "NOR"]
[SourceTitle "EXT 2008"]
[Source "ChessBase"]
[SourceDate "2007.11.25"]
[SourceVersion "1"]
[SourceVersionDate "2007.11.25"]
[SourceQuality "1"]

1. d4 d5 2. c4 c6 3. e3 Nf6 4. Nf3 Bg4 5. h3 Bh5 6. Bd3 e6 7. g4 Bg6 8. Nc3 Bxd3 9. Qxd3 Bd6 10. c5 Bc7 11. Bd2 Nbd7 12. g5 Nh5 13. 0-0-0 b6 14. cxb6 axb6 15. Kb1 0-0 16. Qe2 g6 17. h4 b5 18. Rc1 Bd6 19. Nd1 Qb6 20. b3 Ra7 21. Rc2 Rfa8 22. Nc3 Ra3 23. Bc1 R3a6 24. Ne1 Qa7 25. Nd3 e5 26. Rd1 e4 27. Ne1 Nb6 28. Rdd2 Bb4 29. Ng2 Ng7 30. Nf4 Nf5 31. Ng2 Nd6 32. Nf4 Nbc4 33. bxc4 Nxc4 34. Nfxd5 cxd5 35. Nxb5 Qb6 36. Rxc4 Bxd2 37. Bxd2 Qxb5+ 0-1

[Event "Coulsdon Xmas-B"]
[Site "Coulsdon"]
[Date "2006.12.11"]
[Round "1"]
[White "Jacobsen, Maria Pitz"]
[Black "Muter, Donny"]
[Result "0-1"]
[WhiteElo "1838"]
[BlackElo "2131"]
[PlyCount "58"]
[EventDate "2006.12.11"]
[EventType "tourn"]
[EventRounds "9"]
[EventCountry "ENG"]
[SourceTitle "EXT 2008"]
[Source "ChessBase"]
[SourceDate "2007.11.25"]
[SourceVersion "1"]
[SourceVersionDate "2007.11.25"]
[SourceQuality "1"]

1. e4 c5 2. Nf3 d6 3. d4 cxd4 4. Nxd4 Nf6 5. Nc3 a6 6. f3 e5 7. Nb3 Be6 8. Be3 Be7 9. Qd2 Nbd7 10. g4 b5 11. h4 Nb6 12. g5 Nh5 13. Nd5 Nxd5 14. exd5 Bd7 15. Qh2 Bf5 16. c3 0-0 17. Be2 g6 18. f4 exf4 19. Bxf4 Nxf4 20. Qxf4 f6 21. Nd4 fxg5 22. hxg5 Bxg5 23. Qh2 Qe7 24. Nc6 Qf7 25. Qxd6 Rae8 26. Rf1 Bd3 27. Rxf7 Rxe2+ 28. Kd1 Rxf7 29. Qb8+ Kg7 0-1

[Event "Chigorin Memorial-B 14th"]
[Site "St Petersburg"]
[Date "2006.10.24"]
[Round "2"]
[White "Utkin, Vladimir"]
[Black "Jacobsen, Maria Pitz"]
[Result "1-0"]
[WhiteElo "2074"]
[BlackElo "1838"]
[PlyCount "53"]
[EventDate "2006.10.23"]
[EventType "swiss"]
[EventRounds "9"]
[EventCountry "RUS"]
[SourceTitle "EXT 2007"]
[Source "ChessBase"]
[SourceDate "2006.11.23"]
[SourceVersion "1"]
[SourceVersionDate "2006.11.23"]
[SourceQuality "1"]

1. Nf3 Nf6 2. c4 e6 3. Nc3 b6 4. g3 Bb7 5. Bg2 Be7 6. 0-0 0-0 7. d4 d5 8. cxd5 exd5 9. Bf4 Nbd7 10. Rc1 c5 11. Qb3 Qc8 12. Ne5 c4 13. Qc2 Nxe5 14. dxe5 Nh5 15. Nxd5 Bc5 16. Be3 Bxd5 17. Bxd5 Bxe3 18. fxe3 Rb8 19. Qxc4 Qxc4 20. Rxc4 Rbd8 21. e4 g6 22. Rc7 a6 23. Rfxf7 Rxf7 24. Bxf7+ Kf8 25. Bd5 Re8 26. Rf7+ Kg8 27. e6 1-0

[Event "Gausdal Byggern Masters"]
[Site "Gausdal"]
[Date "2006.09.29"]
[Round "6"]
[White "Bue, Gunnar"]
[Black "Jacobsen, Maria Pitz"]
[Result "0-1"]
[WhiteElo "1850"]
[BlackElo "1836"]
[PlyCount "58"]
[EventDate "2006.09.24"]
[EventType "swiss"]
[EventRounds "9"]
[EventCountry "NOR"]
[SourceTitle "CBM 114 Extra"]
[Source "ChessBase"]
[SourceDate "2006.11.03"]
[SourceVersion "1"]
[SourceVersionDate "2006.11.03"]
[SourceQuality "1"]

1. d4 Nf6 2. c4 c5 3. d5 e6 4. Nc3 exd5 5. cxd5 d6 6. e4 g6 7. f3 Bg7 8. Be3 0-0 9. Qd2 Re8 10. Nge2 Nbd7 11. g4 Ne5 12. Ng1 a6 13. Be2 Qe7 14. g5 Nh5 15. 0-0-0 b5 16. Re1 Rb8 17. b3 Qb7 18. Kd1 b4 19. Nb1 c4 20. bxc4 b3 21. a3 b2 22. Qc2 Bd7 23. c5 dxc5 24. f4 Ng4 25. Bxg4 Bxg4+ 26. Re2 Qb3 27. Qxb3 Bxe2+ 28. Kxe2 Rxb3 29. e5 Bxe5 0-1

[Event "Gausdal Byggern Masters"]
[Site "Gausdal"]
[Date "2006.09.25"]
[Round "2"]
[White "Rost, Bjorn"]
[Black "Jacobsen, Maria Pitz"]
[Result "1-0"]
[WhiteElo "1983"]
[BlackElo "1836"]
[PlyCount "45"]
[EventDate "2006.09.24"]
[EventType "swiss"]
[EventRounds "9"]
[EventCountry "NOR"]
[SourceTitle "CBM 114 Extra"]
[Source "ChessBase"]
[SourceDate "2006.11.03"]
[SourceVersion "1"]
[SourceVersionDate "2006.11.03"]
[SourceQuality "1"]

1. e4 c5 2. a3 g6 3. d4 cxd4 4. c3 dxc3 5. Nxc3 Bg7 6. Bc4 Nc6 7. Nf3 d6 8. Ng5 Ne5 9. Ba2 h6 10. Nf3 Bg4 11. Qa4+ Qd7 12. Nxe5 Bxe5 13. Qa5 Nf6 14. Bb3 Qc8 15. Bd2 b6 16. Qb5+ Bd7 17. Qd3 Qc5 18. Rc1 Qd4 19. Qe2 Nxe4 20. Nxe4 Bf5 21. Nc3 Qh4 22. Nd5 Bxb2 23. Rc4 1-0

[Event "Politiken Cup 28th"]
[Site "Copenhagen"]
[Date "2006.07.27"]
[Round "6"]
[White "Jacobsen, Maria Pitz"]
[Black "Nielsen, Frode Benedikt"]
[Result "1-0"]
[WhiteElo "1836"]
[BlackElo "2098"]
[PlyCount "127"]
[EventDate "2006.07.22"]
[EventType "swiss"]
[EventRounds "9"]
[EventCountry "DEN"]
[SourceTitle "CBM 113 Extra"]
[Source "ChessBase"]
[SourceDate "2006.09.14"]
[SourceVersion "1"]
[SourceVersionDate "2006.09.14"]
[SourceQuality "1"]

1. e4 e5 2. Nf3 Nc6 3. Bb5 Nge7 4. 0-0 g6 5. d3 Bg7 6. Bg5 0-0 7. Qd2 d6 8. Bh6 f5 9. Bc4+ Kh8 10. Bxg7+ Kxg7 11. Nc3 f4 12. d4 Bg4 13. Ng5 Nxd4 14. f3 Bd7 15. Nb5 Nxb5 16. Bxb5 Bxb5 17. Ne6+ Kg8 18. Nxd8 Raxd8 19. Rfd1 d5 20. Qc3 Nc6 21. Rxd5 Nd4 22. Qxc7 Rc8 23. Qxe5 Nxc2 24. Rc1 Rce8 25. Qd6 Bc6 26. Re5 Ne3 27. Rxe8 Rxe8 28. Rc3 g5 29. g3 Kf7 30. gxf4 Re6 31. Qd4 gxf4 32. Qxa7 Rg6+ 33. Kh1 Rd6 34. Rxe3 Rd1+ 35. Kg2 Rd2+ 36. Kh3 Bd7+ 37. Kh4 h6 38. Re2 Rxe2 39. Qg1 Rxb2 40. Kh5 Be8 41. Kg4 Rxa2 42. Kxf4 Ra6 43. Qc1 Rc6 44. Qb2 b5 45. Ke3 h5 46. f4 Rc4 47. Qe5 Kf8 48. f5 b4 49. Qd6+ Kg8 50. e5 b3 51. Qd5+ Bf7 52. e6 b2 53. exf7+ Kf8 54. Qb5 Rc3+ 55. Kd2 Rc8 56. Qxb2 Kxf7 57. Qb3+ Kf8 58. Qb4+ Ke8 59. Ke3 Kd7 60. Kf4 Re8 61. Qb5+ Ke7 62. f6+ Kf7 63. Qd7+ Kf8 64. Qg7# 1-0

[Event "Politiken Cup 28th"]
[Site "Copenhagen"]
[Date "2006.07.26"]
[Round "5"]
[White "Jacobsen, Maria Pitz"]
[Black "Nielsen, Jens Holm"]
[Result "1/2-1/2"]
[WhiteElo "1836"]
[BlackElo "2034"]
[PlyCount "152"]
[EventDate "2006.07.22"]
[EventType "swiss"]
[EventRounds "9"]
[EventCountry "DEN"]
[SourceTitle "CBM 113 Extra"]
[Source "ChessBase"]
[SourceDate "2006.09.14"]
[SourceVersion "1"]
[SourceVersionDate "2006.09.14"]
[SourceQuality "1"]

1. e4 Nc6 2. d4 d5 3. e5 Bf5 4. Bb5 Qd7 5. c4 a6 6. Ba4 dxc4 7. d5 b5 8. dxc6 Qxc6 9. Nf3 bxa4 10. Nc3 Rd8 11. Qxa4 Qxa4 12. Nxa4 Bd3 13. Nc5 e6 14. Nxd3 cxd3 15. 0-0 Ne7 16. Be3 Nf5 17. Bg5 Be7 18. Bxe7 Kxe7 19. Rac1 Rd7 20. Rfd1 Rb8 21. b3 Rb5 22. Rc3 Rbd5 23. Kf1 Nd4 24. Nxd4 Rxd4 25. f3 f6 26. exf6+ gxf6 27. Kf2 R4d5 28. f4 d2 29. Rc2 Rh5 30. h3 Rhd5 31. Ke2 Rd4 32. Rcxd2 c5 33. g4 R7d5 34. Rxd4 cxd4 35. Kd3 e5 36. g5 fxg5 37. fxe5 Rxe5 38. Kxd4 Re2 39. a4 Re6 40. Rc1 Kd7 41. Rc5 h6 42. Rd5+ Ke7 43. Rf5 Rd6+ 44. Ke4 Rb6 45. Rf3 Ke6 46. Rd3 a5 47. Kf3 Ke5 48. Ke3 h5 49. Kd2 g4 50. hxg4 hxg4 51. Ke3 Rh6 52. Kf2 Rh2+ 53. Kg1 Rb2 54. Rd8 Rxb3 55. Ra8 Kf4 56. Rxa5 Kg3 57. Rf5 Ra3 58. Rf1 Rxa4 59. Rc1 Ra3 60. Rb1 Re3 61. Ra1 Rd3 62. Rb1 Kh3 63. Rc1 g3 64. Rb1 Rd2 65. Rc1 Re2 66. Rb1 Re3 67. Rc1 Kg4 68. Rb1 Kf3 69. Rc1 g2 70. Rb1 Kg3 71. Rc1 Kf3 72. Rb1 Rd3 73. Rc1 Rd2 74. Rb1 Ke3 75. Rc1 Ke2 76. Kxg2 Kd3+ 1/2-1/2